000 00490nam a2200205Ia 4500
003 OSt
005 20220925204820.0
006 a|||||r|||| 00| 0
007 ta
008 220923b |||||||| |||| 00| 0 eng d
037 _cGeneral Book
040 _aRTL
_cRTL
_beng
041 _2eng
_aeng
245 0 _aReport
_b Civil
260 _aGwalior
_bGovt Press
_c1986
300 _a63p
_ccm.
650 _aAuditing
_9171355
942 _cGB
_2CC
999 _c550497
_d550497